[Event "Heart of Finland op 30th"]
[Site "Jyvaskyla"]
[Date "2022.07.21"]
[Round "5"]
[White "Issakainen, Ari"]
[Black "Chatalbashev, Boris"]
[Result "0-1"]
[WhiteElo "2170"]
[BlackElo "2520"]
[PlyCount "80"]
[EventDate "2022.07.18"]
[EventType "swiss"]
[EventRounds "9"]
[EventCountry "FIN"]
[SourceTitle "CBM 209 Extra"]
[Source "ChessBase"]
[SourceDate "2022.09.30"]
[SourceVersion "1"]
[SourceVersionDate "2022.09.30"]
[SourceQuality "1"]

1. d4 Nf6 2. c4 g6 3. Nc3 d5 4. cxd5 Nxd5 5. Bd2 Nb6 6. Bf4 Bg7 7. Nf3 0-0 8. e3 N8d7 9. Be2 c5 10. d5 c4 11. e4 Nc5 12. Qc2 Bg4 13. Rd1 Rc8 14. 0-0 Bxf3 15. gxf3 Qd7 16. Rfe1 Rfd8 17. Bf1 Nba4 18. Nxa4 Nxa4 19. Rb1 b5 20. h4 e6 21. Bg5 Re8 22. Red1 Nc5 23. Bh3 Nd3 24. b3 h6 25. Be3 Qe7 26. bxc4 bxc4 27. dxe6 fxe6 28. h5 gxh5 29. Rb5 Qf7 30. Bg2 a6 31. Rb6 Kh8 32. Rdb1 Ne5 33. f4 Ng4 34. Rxa6 c3 35. Rab6 Red8 36. Bf3 Nxe3 37. fxe3 Rd2 38. Qb3 Qg6+ 39. Kf1 Qg3 40. Be2 Qxe3 0-1

[Event "FIN-chT 1819"]
[Site "Finland"]
[Date "2019.02.09"]
[Round "7.4"]
[White "Issakainen, Ari"]
[Black "Pershin, Denis"]
[Result "1/2-1/2"]
[WhiteElo "2174"]
[BlackElo "2390"]
[PlyCount "49"]
[EventDate "2018.09.15"]
[EventType "team-tourn"]
[EventRounds "11"]
[EventCountry "FIN"]
[SourceTitle "EXT 2021"]
[Source "ChessBase"]
[SourceDate "2020.10.23"]
[SourceVersion "1"]
[SourceVersionDate "2020.10.23"]
[SourceQuality "1"]
[WhiteTeam "Helsinki Aatos"]
[BlackTeam "Espoo MatSK"]
[WhiteTeamCountry "FIN"]
[BlackTeamCountry "FIN"]

1. d4 d5 2. c4 c6 3. Nf3 Nf6 4. e3 Bf5 5. Nc3 e6 6. Nh4 Be4 7. f3 Bg6 8. Qb3 Qc7 9. Bd2 Be7 10. Rc1 dxc4 11. Bxc4 0-0 12. Nxg6 hxg6 13. 0-0 b5 14. Bd3 a6 15. a4 Qb6 16. Bxg6 fxg6 17. Qxe6+ Rf7 18. Ne4 Nd5 19. f4 Bf6 20. Ng5 Raa7 21. Nxf7 Rxf7 22. Qe8+ Rf8 23. Qe6+ Rf7 24. Qe8+ Rf8 25. Qe6+ 1/2-1/2

[Event "FIN-chT 1718"]
[Site "Finland"]
[Date "2018.03.09"]
[Round "9.5"]
[White "Sandholm, Klas"]
[Black "Issakainen, Ari"]
[Result "1/2-1/2"]
[WhiteElo "2239"]
[BlackElo "2202"]
[PlyCount "69"]
[EventDate "2017.09.16"]
[EventType "team-tourn"]
[EventRounds "11"]
[EventCountry "FIN"]
[SourceTitle "EXT 2019"]
[Source "ChessBase"]
[SourceDate "2018.10.10"]
[SourceVersion "1"]
[SourceVersionDate "2018.10.10"]
[SourceQuality "1"]
[WhiteTeam "Karjaa KarjUra"]
[BlackTeam "Helsinki Aatos"]
[WhiteTeamCountry "FIN"]
[BlackTeamCountry "FIN"]

1. d4 e6 2. c4 f5 3. g3 Nf6 4. Bg2 Be7 5. Nf3 0-0 6. 0-0 d6 7. Nc3 a5 8. Qc2 Nc6 9. e4 e5 10. dxe5 dxe5 11. exf5 Nb4 12. Qe2 Bxf5 13. Nxe5 Nc2 14. Bxb7 Bd6 15. Nc6 Qd7 16. Be3 Nxa1 17. Rxa1 Rae8 18. c5 Be5 19. Nxe5 Rxe5 20. Bg2 Ng4 21. Qc4+ Be6 22. Qd4 Qf7 23. Bf4 Rh5 24. h3 Nh6 25. g4 Rxh3 26. Bxh3 Qxf4 27. Qxf4 Rxf4 28. Re1 Bxg4 29. Bg2 Bf3 30. Bxf3 Rxf3 31. Re7 Rf7 32. Re8+ Rf8 33. Re7 Rf7 34. Re8+ Rf8 35. Re7 1/2-1/2

[Event "FIN-chT 1718"]
[Site "Finland"]
[Date "2018.02.04"]
[Round "8.6"]
[White "Ahvenjarvi, Jani"]
[Black "Issakainen, Ari"]
[Result "1-0"]
[WhiteElo "2318"]
[BlackElo "2202"]
[PlyCount "105"]
[EventDate "2017.09.16"]
[EventType "team-tourn"]
[EventRounds "11"]
[EventCountry "FIN"]
[SourceTitle "EXT 2019"]
[Source "ChessBase"]
[SourceDate "2018.10.10"]
[SourceVersion "1"]
[SourceVersionDate "2018.10.10"]
[SourceQuality "1"]
[WhiteTeam "Tampere Tammer"]
[BlackTeam "Helsinki Aatos"]
[WhiteTeamCountry "FIN"]
[BlackTeamCountry "FIN"]

1. e4 c5 2. Nf3 e6 3. Nc3 a6 4. d4 cxd4 5. Nxd4 Qc7 6. Bd3 g6 7. 0-0 Bg7 8. Nb3 Ne7 9. Qg4 0-0 10. Qh4 Nbc6 11. Bh6 f5 12. Bxg7 Kxg7 13. f4 fxe4 14. Bxe4 d5 15. Bd3 Bd7 16. Rae1 Rf7 17. Nc5 Nd4 18. Nxd7 Qxd7 19. Qf2 Nec6 20. Na4 Raf8 21. Qe3 Qc7 22. c3 Nf5 23. Bxf5 exf5 24. Nc5 Nd8 25. Qd4+ Kg8 26. Qxd5 h6 27. Re3 Kh7 28. g3 a5 29. Rd1 Qb6 30. Qd6 Nc6 31. Qd5 Rf6 32. Kf2 Qxb2+ 33. Rd2 Qc1 34. Nd7 R6f7 35. Nxf8+ Rxf8 36. Rd1 Qc2+ 37. Rd2 Qc1 38. Red3 h5 39. Qf3 Re8 40. Re2 Rxe2+ 41. Qxe2 Qh1 42. Qe8 Qxh2+ 43. Ke1 Qg1+ 44. Kd2 Qf2+ 45. Kc1 Nb8 46. Qxb8 Qe1+ 47. Kc2 Qe2+ 48. Rd2 Qe4+ 49. Kb2 Qc6 50. Qd6 Qb5+ 51. Ka3 Kh6 52. Qf8+ Kh7 53. Rd8 1-0

[Event "FIN-chT 1718"]
[Site "Finland"]
[Date "2017.09.16"]
[Round "1.5"]
[White "Issakainen, Ari"]
[Black "Nivala, Tuomas"]
[Result "0-1"]
[WhiteElo "2202"]
[BlackElo "2224"]
[PlyCount "108"]
[EventDate "2017.09.16"]
[EventType "team-tourn"]
[EventRounds "11"]
[EventCountry "FIN"]
[SourceTitle "CBM 180 Extra"]
[Source "ChessBase"]
[SourceDate "2017.10.06"]
[SourceVersion "1"]
[SourceVersionDate "2017.10.06"]
[SourceQuality "1"]
[WhiteTeam "Helsinki Aatos"]
[BlackTeam "Jyvaskyla JyS"]
[WhiteTeamCountry "FIN"]
[BlackTeamCountry "FIN"]

1. c4 e5 2. Nc3 Nc6 3. g3 Bb4 4. Nd5 Bc5 5. Bg2 Nge7 6. Nf3 d6 7. 0-0 0-0 8. d3 h6 9. e3 a6 10. a3 Ba7 11. b4 Nxd5 12. cxd5 Ne7 13. d4 e4 14. Nd2 Nxd5 15. Nxe4 c6 16. Bb2 Nb6 17. d5 Nxd5 18. Qh5 Qe7 19. Rad1 f5 20. Nd2 Nf6 21. Qe2 Ne4 22. Nc4 d5 23. Ne5 Qe6 24. Qc2 Bb8 25. Nf3 Bd7 26. Rfe1 Be8 27. Nd4 Qf7 28. f3 Nd6 29. a4 Nc4 30. Ba1 Ba7 31. Kh1 Nd6 32. Qb2 Bd7 33. Bf1 Rae8 34. Qc3 Re7 35. Bb2 Rfe8 36. Ba3 Qf6 37. Bb2 Qg5 38. Bc1 Qh5 39. Bg2 Kh8 40. Bb2 Nc4 41. Bc1 Bb8 42. Kg1 b5 43. axb5 axb5 44. Nc2 Qg6 45. Qd3 Qf6 46. Nd4 f4 47. gxf4 Bxf4 48. e4 Bd6 49. Nc2 Qh4 50. f4 Bg4 51. Bf3 dxe4 52. Rxe4 Rxe4 53. Bxe4 Bxd1 54. Nd4 Qe1+ 0-1

[Event "Helsingor Xtracon op"]
[Site "Helsingor"]
[Date "2017.07.27"]
[Round "7"]
[White "Kaasen, Tor Fredrik"]
[Black "Issakainen, Ari"]
[Result "1-0"]
[WhiteElo "2409"]
[BlackElo "2168"]
[PlyCount "69"]
[EventDate "2017.07.22"]
[EventType "swiss"]
[EventRounds "10"]
[EventCountry "DEN"]
[SourceTitle "CBM 179 Extra"]
[Source "ChessBase"]
[SourceDate "2017.08.23"]
[SourceVersion "1"]
[SourceVersionDate "2017.08.23"]
[SourceQuality "1"]

1. c4 e5 2. g3 Nf6 3. Bg2 d5 4. cxd5 Nxd5 5. Nf3 Nc6 6. 0-0 Nb6 7. b3 Bd6 8. Bb2 0-0 9. Nc3 Re8 10. Rc1 Bg4 11. d3 f5 12. Nd2 Nb4 13. Nc4 Nxc4 14. bxc4 Nc6 15. c5 Bf8 16. Qb3+ Kh8 17. Qxb7 Rb8 18. Qxc6 Rxb2 19. Rb1 Rc2 20. Rfc1 Rxc1+ 21. Rxc1 f4 22. Nd5 fxg3 23. hxg3 Bxe2 24. Nxc7 Re7 25. Ne6 Qb8 26. Nxf8 Qxf8 27. Qd6 Bg4 28. Re1 Qe8 29. Bc6 Bd7 30. Bxd7 Rxd7 31. Qxe5 Qg8 32. d4 h6 33. c6 Rd8 34. c7 Rf8 35. Qe6 1-0

[Event "Helsingor Xtracon op"]
[Site "Helsingor"]
[Date "2017.07.23"]
[Round "2"]
[White "Bjornes, Leif"]
[Black "Issakainen, Ari"]
[Result "0-1"]
[WhiteElo "1934"]
[BlackElo "2168"]
[PlyCount "34"]
[EventDate "2017.07.22"]
[EventType "swiss"]
[EventRounds "10"]
[EventCountry "DEN"]
[SourceTitle "CBM 179 Extra"]
[Source "ChessBase"]
[SourceDate "2017.08.23"]
[SourceVersion "1"]
[SourceVersionDate "2017.08.23"]
[SourceQuality "1"]

1. d4 f5 2. Nf3 Nf6 3. Bg5 Ne4 4. h4 c5 5. e3 Qb6 6. Nbd2 Nxd2 7. Nxd2 cxd4 8. Bc4 e6 9. 0-0 Nc6 10. e4 fxe4 11. Nxe4 Be7 12. Qh5+ g6 13. Qh6 Bf8 14. Nf6+ Kf7 15. Nd5 Qa5 16. b4 Nxb4 17. Bd8 Bxh6 0-1

[Event "Helsingor Xtracon op"]
[Site "Helsingor"]
[Date "2017.07.22"]
[Round "1"]
[White "Issakainen, Ari"]
[Black "Nielsen, Leo Kresten Roland"]
[Result "1-0"]
[WhiteElo "2168"]
[BlackElo "1688"]
[PlyCount "75"]
[EventDate "2017.07.22"]
[EventType "swiss"]
[EventRounds "10"]
[EventCountry "DEN"]
[SourceTitle "CBM 179 Extra"]
[Source "ChessBase"]
[SourceDate "2017.08.23"]
[SourceVersion "1"]
[SourceVersionDate "2017.08.23"]
[SourceQuality "1"]

1. Nf3 c5 2. c4 Nc6 3. g3 g6 4. Bg2 Bg7 5. 0-0 Nf6 6. d4 cxd4 7. Nxd4 Qb6 8. Nc2 Ng4 9. h3 Bxb2 10. Bxb2 Qxb2 11. hxg4 d6 12. e3 Ne5 13. Nba3 Bxg4 14. Qd4 Qxd4 15. Nxd4 Rb8 16. Rab1 h5 17. Bxb7 h4 18. f4 Nd7 19. Nc6 Rxb7 20. Rxb7 hxg3 21. Rxa7 0-0 22. Nxe7+ Kg7 23. Nb5 Kf6 24. Nd5+ Kg7 25. Nxd6 Rh8 26. Nxf7 Kxf7 27. f5 Rd8 28. e4 gxf5 29. exf5 Kf8 30. Nf4 Ke7 31. c5 Rc8 32. Re1+ Kf6 33. Rxd7 Rxc5 34. Re6+ Kxf5 35. Rf7+ Kg5 36. Rg6+ Kh4 37. Rh7+ Bh5 38. Rxh5+ 1-0

[Event "FIN-chT 1617"]
[Site "Finland"]
[Date "2017.03.10"]
[Round "9.6"]
[White "Issakainen, Ari"]
[Black "Koskinen, Henri"]
[Result "0-1"]
[WhiteElo "2199"]
[BlackElo "2244"]
[PlyCount "152"]
[EventDate "2016.09.17"]
[EventType "team-tourn"]
[EventRounds "11"]
[EventCountry "FIN"]
[SourceTitle "EXT 2018"]
[Source "ChessBase"]
[SourceDate "2017.10.13"]
[SourceVersion "1"]
[SourceVersionDate "2017.10.13"]
[SourceQuality "1"]
[WhiteTeam "Helsinki Aatos"]
[BlackTeam "Vantaa EtVaS"]
[WhiteTeamCountry "FIN"]
[BlackTeamCountry "FIN"]

1. d4 d5 2. c4 c6 3. Nf3 Nf6 4. e3 Bf5 5. Nc3 e6 6. Nh4 Bg6 7. Nxg6 hxg6 8. Bd2 Nbd7 9. Rc1 Be7 10. Bd3 0-0 11. cxd5 exd5 12. 0-0 Bd6 13. f4 Qe7 14. Qf3 Rfe8 15. Qh3 Rad8 16. Rf3 Ne4 17. Be1 f5 18. g4 Qe6 19. gxf5 gxf5 20. Bh4 Ndf6 21. Kh1 Kf7 22. Qg2 Rd7 23. Bxf6 Qxf6 24. Bxe4 dxe4 25. Rg3 Bf8 26. Rg1 Re6 27. Rg5 g6 28. Qh3 Red6 29. Ne2 Rd8 30. Ng3 Rd5 31. Qh7+ Qg7 32. Qxg7+ Bxg7 33. Ne2 R5d6 34. b3 Rh8 35. R5g2 Rh3 36. Ng3 Bf6 37. Rc2 Rd8 38. Rgg2 Bh4 39. Rc5 Be7 40. Rcc2 Bh4 41. Nf1 Rd5 42. Rge2 Be7 43. Kg2 Rh8 44. Nd2 Ke6 45. Nc4 Bf6 46. b4 g5 47. fxg5 Bxg5 48. Na5 Rd7 49. Rc5 Bf6 50. Rf2 Rh5 51. Nb3 Rg7+ 52. Kf1 Rgh7 53. Ra5 b6 54. Ra6 Rh3 55. b5 Rxe3 56. bxc6 Rc3 57. d5+ Kxd5 58. Rxf5+ Be5 59. h4 Rxc6 60. h5 Rf6 61. Rxf6 Bxf6 62. Ke2 Bg5 63. a4 Kc4 64. Nd2+ Bxd2 65. Kxd2 Kd4 66. a5 b5 67. h6 b4 68. Rd6+ Kc5 69. Re6 Kd5 70. Rg6 b3 71. Kc3 e3 72. Rg7 e2 73. Rg1 Ke4 74. Kxb3 Kf3 75. Rh1 Kg2 76. Rc1 Kf2 0-1

[Event "FIN-chT 1617"]
[Site "Finland"]
[Date "2017.02.04"]
[Round "7.5"]
[White "Issakainen, Ari"]
[Black "Koykka, Pekka"]
[Result "0-1"]
[WhiteElo "2199"]
[BlackElo "2312"]
[PlyCount "94"]
[EventDate "2016.09.17"]
[EventType "team-tourn"]
[EventRounds "11"]
[EventCountry "FIN"]
[SourceTitle "EXT 2018"]
[Source "ChessBase"]
[SourceDate "2017.10.13"]
[SourceVersion "1"]
[SourceVersionDate "2017.10.13"]
[SourceQuality "1"]
[WhiteTeam "Helsinki Aatos"]
[BlackTeam "Tampere Tammer"]
[WhiteTeamCountry "FIN"]
[BlackTeamCountry "FIN"]

1. d4 Nf6 2. c4 c5 3. d5 e6 4. Nc3 exd5 5. cxd5 d6 6. e4 g6 7. Nf3 Bg7 8. Be2 0-0 9. 0-0 Re8 10. Nd2 Nbd7 11. f4 c4 12. Kh1 Nc5 13. Bf3 b5 14. Nxb5 Nfxe4 15. Nxc4 Rb8 16. a4 a6 17. Nc3 Bf5 18. Nxe4 Bxe4 19. Ra3 Rb4 20. Be2 Qd7 21. a5 Bxd5 22. Nb6 Qc6 23. Nxd5 Rd4 24. Qc2 Qxd5 25. Rc3 Rde4 26. Bf3 Bxc3 27. Qxc3 Qc4 28. Qxc4 Rxc4 29. f5 Nd3 30. Bh6 gxf5 31. b3 Rh4 32. Bd2 Nc5 33. b4 Ne4 34. Be1 Rh6 35. g3 d5 36. Be2 d4 37. Bd3 Re5 38. Kg2 Rc6 39. g4 fxg4 40. Bh4 Nd6 41. Rf4 f5 42. Rxd4 Kf7 43. Bg3 Ke6 44. Bb1 Re2+ 45. Kf1 Rb2 46. Rd1 Ne4 47. Bf4 Rf2+ 0-1

[Event "FIN-chT 1617"]
[Site "Finland"]
[Date "2016.10.08"]
[Round "3.5"]
[White "Issakainen, Ari"]
[Black "Kosmo, Santul"]
[Result "1-0"]
[WhiteElo "2199"]
[BlackElo "2181"]
[PlyCount "65"]
[EventDate "2016.09.17"]
[EventType "team-tourn"]
[EventRounds "11"]
[EventCountry "FIN"]
[SourceTitle "EXT 2017"]
[Source "ChessBase"]
[SourceDate "2016.10.25"]
[SourceVersion "1"]
[SourceVersionDate "2016.10.25"]
[SourceQuality "1"]
[WhiteTeam "Helsinki Aatos"]
[BlackTeam "Helsinki Velhot"]
[WhiteTeamCountry "FIN"]
[BlackTeamCountry "FIN"]

1. d4 Nf6 2. Nf3 c5 3. d5 e6 4. Nc3 b5 5. Bg5 Bb7 6. dxe6 fxe6 7. Nxb5 d5 8. e3 a6 9. Nc3 Bd6 10. Be2 0-0 11. 0-0 Nbd7 12. Bh4 Qe7 13. Re1 Rad8 14. Qd2 e5 15. e4 dxe4 16. Ng5 Nb6 17. Rad1 Bc7 18. Qe3 Nfd5 19. Qxe4 g6 20. Bc4 Nxc4 21. Qxc4 Rf4 22. Nxd5 Rxd5 23. Ne4 Qf7 24. Ng5 Qd7 25. Re4 Kh8 26. Rde1 Rd1 27. Qf1 Rxe1 28. Rxe1 Rxh4 29. g3 Qd5 30. f3 Rd4 31. Qh3 Qd7 32. Qh6 Bd6 33. Rxe5 1-0

[Event "EU-Cup 31st"]
[Site "Skopje"]
[Date "2015.10.23"]
[Round "6.5"]
[White "Issakainen, Ari"]
[Black "Memeti, Kastriot"]
[Result "0-1"]
[WhiteElo "2156"]
[BlackElo "2164"]
[PlyCount "60"]
[EventDate "2015.10.18"]
[EventType "team-swiss"]
[EventRounds "7"]
[EventCountry "MKD"]
[SourceTitle "CBM 169"]
[Source "ChessBase"]
[SourceDate "2015.11.10"]
[SourceVersion "1"]
[SourceVersionDate "2015.11.10"]
[SourceQuality "1"]
[WhiteTeam "Aatos"]
[BlackTeam "Amaytos"]
[WhiteTeamCountry "FIN"]
[BlackTeamCountry "BEL"]

1. d4 e6 2. Nf3 Nf6 3. c4 Bb4+ 4. Nbd2 b6 5. a3 Bxd2+ 6. Qxd2 Bb7 7. b4 a5 8. Bb2 d6 9. e3 Nbd7 10. Be2 0-0 11. 0-0 Ne4 12. Qc2 f5 13. d5 e5 14. g3 g5 15. Ne1 g4 16. f3 gxf3 17. Nxf3 Ng5 18. Nh4 f4 19. exf4 Nh3+ 20. Kh1 Nxf4 21. Bg4 Nf6 22. Bf5 N4h5 23. Be6+ Kh8 24. Rae1 axb4 25. axb4 Qe8 26. Ra1 Qxe6 27. Kg1 Qg4 28. Rae1 Nxg3 29. hxg3 Qxg3+ 30. Ng2 Ng4 0-1

[Event "EU-Cup 31st"]
[Site "Skopje"]
[Date "2015.10.18"]
[Round "1.4"]
[White "Issakainen, Ari"]
[Black "Hauge, Lars Oskar"]
[Result "1/2-1/2"]
[WhiteElo "2156"]
[BlackElo "2400"]
[PlyCount "92"]
[EventDate "2015.10.18"]
[EventType "team-swiss"]
[EventRounds "7"]
[EventCountry "MKD"]
[SourceTitle "CBM 169"]
[Source "ChessBase"]
[SourceDate "2015.11.10"]
[SourceVersion "1"]
[SourceVersionDate "2015.11.10"]
[SourceQuality "1"]
[WhiteTeam "Aatos"]
[BlackTeam "Oslo Schakselskap"]
[WhiteTeamCountry "FIN"]
[BlackTeamCountry "NOR"]

1. d4 e6 2. c4 f5 3. g3 Nf6 4. Bg2 c6 5. Nh3 d5 6. 0-0 Be7 7. b3 0-0 8. Ba3 Bxa3 9. Nxa3 Bd7 10. Nf4 Qe7 11. Nc2 Be8 12. Ne3 Ne4 13. Rc1 Nd7 14. f3 Nd6 15. Qd2 g5 16. Nd3 Qg7 17. Nc5 f4 18. gxf4 gxf4 19. Ng4 Nxc5 20. dxc5 Nf5 21. Qxf4 h5 22. Ne5 Kh8 23. Nd3 Nd4 24. Qe3 Rg8 25. Rf2 Bg6 26. Qe5 Bxd3 27. Qxg7+ Kxg7 28. exd3 Kf6 29. Kf1 Rg7 30. Re1 Rag8 31. f4 h4 32. Re3 Rg4 33. cxd5 cxd5 34. b4 b6 35. cxb6 axb6 36. a4 h3 37. Rxh3 Rc8 38. Re3 Nc2 39. Rg3 Rxg3 40. hxg3 Nxb4 41. Rb2 Nxd3 42. Rxb6 Rc1+ 43. Ke2 Rc2+ 44. Kf1 Rc1+ 45. Ke2 Rc2+ 46. Kf1 Rc1+ 1/2-1/2

[Event "FIN-chT 1516"]
[Site "Finland"]
[Date "2015.09.13"]
[Round "2.6"]
[White "Issakainen, Ari"]
[Black "Hokkanen, Petri"]
[Result "0-1"]
[WhiteElo "2154"]
[BlackElo "2222"]
[PlyCount "198"]
[EventDate "2015.09.12"]
[EventType "team-tourn"]
[EventRounds "11"]
[EventCountry "FIN"]
[SourceTitle "EXT 2016"]
[Source "ChessBase"]
[SourceDate "2015.10.08"]
[SourceVersion "1"]
[SourceVersionDate "2015.10.08"]
[SourceQuality "1"]
[WhiteTeam "Helsinki Aatos"]
[BlackTeam "Helsinki Velhot"]
[WhiteTeamCountry "FIN"]
[BlackTeamCountry "FIN"]

1. d4 Nf6 2. c4 e6 3. Nc3 d5 4. Bg5 h6 5. Bh4 c6 6. e3 Nbd7 7. Bd3 Be7 8. Nf3 0-0 9. 0-0 b6 10. Qe2 Bb7 11. Bg3 c5 12. cxd5 Nxd5 13. Rac1 cxd4 14. Nxd5 Bxd5 15. Nxd4 Nc5 16. Bb1 Rc8 17. f3 Bb7 18. Rfd1 Nd7 19. Qd3 Nf6 20. Be5 g6 21. Qe2 Rxc1 22. Rxc1 Qd5 23. Bg3 Rd8 24. Bc2 Rc8 25. Rd1 Qc5 26. Bd3 Nd5 27. Bf2 Bf6 28. Be4 Qa5 29. a3 Kg7 30. Be1 Qa4 31. Bc2 Qc4 32. Bd3 Qc5 33. Be4 Qe7 34. Bg3 Qc5 35. Bf2 a6 36. h3 b5 37. Kh1 h5 38. Qd3 Qc4 39. Qd2 b4 40. axb4 Be7 41. Nc2 Qb3 42. Nd4 Qxb4 43. Bxd5 Bxd5 44. e4 Ba8 45. Bg3 Qxd2 46. Rxd2 Bf6 47. Ne2 Rc4 48. Bf4 Rb4 49. e5 Be7 50. Rd7 Kf8 51. Bc1 Rb5 52. Nc3 Rxe5 53. Bh6+ Ke8 54. Ra7 Re1+ 55. Kh2 Bd6+ 56. f4 Bc6 57. Rxa6 Kd7 58. Ra7+ Bc7 59. b4 Kc8 60. b5 Bb7 61. Ra2 h4 62. Rc2 Kb8 63. Bg5 Re3 64. Ne2 Be4 65. Rb2 Bd3 66. Nd4 Kb7 67. b6 Bd6 68. Rb3 Bc5 69. Bf6 g5 70. Be5 gxf4 71. Nf3 Be4 72. Rb5 Bxf3 73. Rxc5 Re2 74. Kg1 Rxg2+ 75. Kf1 Rh2 76. Rc7+ Kxb6 77. Rxf7 Rxh3 78. Rxf4 Bd5 79. Kf2 Rh1 80. Rf8 Be4 81. Rh8 h3 82. Ke3 Bf5 83. Bg3 Rd1 84. Ke2 Rd5 85. Ke3 Kc6 86. Rc8+ Kd7 87. Rh8 Ke7 88. Bh4+ Kf7 89. Bg3 e5 90. Rh6 Kg7 91. Rh4 Rd3+ 92. Kf2 e4 93. Bf4 Kf6 94. Rh6+ Kf7 95. Rh4 Rf3+ 96. Ke2 Ke6 97. Rh6+ Kd5 98. Be3 Bg4 99. Rh4 h2 0-1

[Event "Skopje Karposh op"]
[Site "Skopje"]
[Date "2015.03.29"]
[Round "4"]
[White "Issakainen, Ari"]
[Black "Kovacevic, Aleksandar"]
[Result "1/2-1/2"]
[WhiteElo "2195"]
[BlackElo "2517"]
[PlyCount "80"]
[EventDate "2015.03.27"]
[EventType "swiss"]
[EventRounds "9"]
[EventCountry "MKD"]
[SourceTitle "CBM 165 Extra"]
[Source "ChessBase"]
[SourceDate "2015.04.21"]
[SourceVersion "1"]
[SourceVersionDate "2015.04.21"]
[SourceQuality "1"]

1. d4 Nf6 2. c4 e6 3. Nc3 c5 4. d5 exd5 5. cxd5 d6 6. e4 g6 7. Nf3 a6 8. a4 Bg4 9. Be2 Bg7 10. 0-0 0-0 11. Bg5 Bxf3 12. Bxf3 Nbd7 13. Qd2 Re8 14. g3 Rb8 15. Rfe1 b5 16. axb5 axb5 17. Ra6 Ne5 18. Bg2 b4 19. Nd1 Ra8 20. Rxa8 Qxa8 21. f4 Ned7 22. e5 dxe5 23. f5 e4 24. fxg6 hxg6 25. Ne3 Ne5 26. Bxf6 Bxf6 27. Bxe4 Bg5 28. Qd1 Bxe3+ 29. Rxe3 Qa7 30. Kg2 Nc4 31. Re2 Nd6 32. Bd3 Rxe2+ 33. Qxe2 Qa2 34. Qe5 c4 35. Bxg6 fxg6 36. Qxd6 Qxb2+ 37. Kh3 Qh8+ 38. Kg2 Qb2+ 39. Kh3 Qh8+ 40. Kg2 Qb2+ 1/2-1/2

[Event "Skopje Karposh op"]
[Site "Skopje"]
[Date "2015.03.28"]
[Round "3"]
[White "Can, Isik"]
[Black "Issakainen, Ari"]
[Result "0-1"]
[WhiteElo "1923"]
[BlackElo "2195"]
[PlyCount "84"]
[EventDate "2015.03.27"]
[EventType "swiss"]
[EventRounds "9"]
[EventCountry "MKD"]
[SourceTitle "CBM 165 Extra"]
[Source "ChessBase"]
[SourceDate "2015.04.21"]
[SourceVersion "1"]
[SourceVersionDate "2015.04.21"]
[SourceQuality "1"]

1. e4 c5 2. Nf3 e6 3. d4 cxd4 4. Nxd4 a6 5. Bd3 b5 6. a4 b4 7. Be3 Bb7 8. Nd2 Qc7 9. 0-0 Nf6 10. f4 Bc5 11. Qe2 d6 12. Kh1 Nbd7 13. Rae1 0-0 14. N4f3 e5 15. fxe5 dxe5 16. Nh4 Bxe3 17. Qxe3 Qc5 18. Qg5 h6 19. Qg3 Nh5 20. Qh3 Ndf6 21. Nf5 Kh7 22. Qh4 Rad8 23. g4 Nf4 24. Nxh6 gxh6 25. Qxf6 Rd6 26. Qe7 Rc6 27. Qxb7 Kg7 28. Qd7 Rf6 29. Nb3 Qb6 30. a5 Qb8 31. Nc5 Rd8 32. Nxa6 Rxa6 33. Qa4 Rg6 34. a6 Rd4 35. a7 Qa8 36. Qa5 Re6 37. Qc7 Rd8 38. Bc4 Rc8 39. Qxc8 Qxc8 40. Ra1 Re8 41. a8Q Qxc4 42. Qb7 Rb8 0-1

[Event "Skopje Karposh op"]
[Site "Skopje"]
[Date "2015.03.28"]
[Round "2"]
[White "Issakainen, Ari"]
[Black "Drazic, Sinisa"]
[Result "0-1"]
[WhiteElo "2195"]
[BlackElo "2439"]
[PlyCount "60"]
[EventDate "2015.03.27"]
[EventType "swiss"]
[EventRounds "9"]
[EventCountry "MKD"]
[SourceTitle "CBM 165 Extra"]
[Source "ChessBase"]
[SourceDate "2015.04.21"]
[SourceVersion "1"]
[SourceVersionDate "2015.04.21"]
[SourceQuality "1"]

1. d4 d5 2. c4 dxc4 3. Nf3 Nf6 4. e3 Be6 5. Ng5 Bd5 6. Nc3 e6 7. f3 h6 8. Nh3 b6 9. e4 Bb7 10. Bxc4 c5 11. d5 exd5 12. exd5 a6 13. 0-0 Bd6 14. Re1+ Kf8 15. a4 Qc7 16. f4 Nbd7 17. Qf3 g5 18. fxg5 hxg5 19. Bxg5 Bxh2+ 20. Kf1 Qg3 21. Qf4 Qg4 22. Qxg4 Nxg4 23. Re7 Nge5 24. d6 Nxc4 25. Rxd7 Rb8 26. Re1 Kg7 27. Be7 Rh6 28. Ne4 Bxe4 29. b3 Bf5 30. Ra7 Nxd6 0-1